Southville International School and Colleges
Your cart is empty.
  • Cart
  • Lists
    Public lists Eva Luna New books Lux_list list_1
    Your lists Log in to create your own lists
  • Log in to your account
  • Your cookies
  • Search history
Southville International School and Colleges
  • Advanced search
  • Recent comments
  • Most popular
  • Libraries

Log in to your account

Log in with GOOGLE


If you do not have an external account, but do have a local account, you can still log in:

  1. Home
  2. MARC view: A grand Canyon journey :
Normal view MARC view ISBD view

A grand Canyon journey : (Record no. 359892)

[ view plain ]
MARC details
000 -LEADER
fixed length control field 00706nam a2200253Ia 4500
008 - FIXED-LENGTH DATA ELEMENTS--GENERAL INFORMATION
fixed length control field 181129s9999 xx 000 0 und d
020 ## - INTERNATIONAL STANDARD BOOK NUMBER
International Standard Book Number 9780531158395
050 ## - LIBRARY OF CONGRESS CALL NUMBER
Item number A548 1997
100 ## - MAIN ENTRY--PERSONAL NAME
Personal name Anderson, Peter
245 #2 - TITLE STATEMENT
Title A grand Canyon journey :
245 #0 - TITLE STATEMENT
Remainder of title tracing time in stone /
245 #0 - TITLE STATEMENT
Statement of responsibility, etc by Peter Anderson.
260 ## - PUBLICATION, DISTRIBUTION, ETC. (IMPRINT)
Place of publication, distribution, etc New York, NY :
260 ## - PUBLICATION, DISTRIBUTION, ETC. (IMPRINT)
Name of publisher, distributor, etc Franklin Watts,
260 ## - PUBLICATION, DISTRIBUTION, ETC. (IMPRINT)
Date of publication, distribution, etc 1997
300 ## - PHYSICAL DESCRIPTION
Extent 63 pages :
300 ## - PHYSICAL DESCRIPTION
Other physical details color illustrations ;
300 ## - PHYSICAL DESCRIPTION
Dimensions 21cm.
500 ## - GENERAL NOTE
General note 1110L
650 ## - SUBJECT ADDED ENTRY--TOPICAL TERM
Topical term or geographic name as entry element Geology -- Arizona -- Grand Canyon.
650 ## - SUBJECT ADDED ENTRY--TOPICAL TERM
Topical term or geographic name as entry element Grand Canyon (Ariz.) -- Description and travel.
650 ## - SUBJECT ADDED ENTRY--TOPICAL TERM
Topical term or geographic name as entry element Natural history -- Arizona -- Grand Canyon.
700 ## - ADDED ENTRY--PERSONAL NAME
Personal name Title.
Holdings
Withdrawn status Lost status Damaged status Home library Current library Shelving location Date acquired Total Checkouts Full call number Barcode Date last seen Price effective from Koha item type
      Stonyhurst Southville International School (Malarayat) Stonyhurst Southville International School (Malarayat)   11/29/2018   LEX A548 1997 SSISM5686 11/29/2018 11/29/2018 Lexile

A grand Canyon journey :

APA

Anderson P., Title, .A grand Canyon journey. New York, NY: .

Chicago

Anderson Peter, Title, .A grand Canyon journey. New York, NY: .

Harvard

Anderson P., Title, .A grand Canyon journey. New York, NY: .

MLA

Anderson Peter, Title, .New York, NY: . .

  • Place hold
  • Print
  • Cite
  • Add to your cart (remove)
  • Save record
    BIBTEX Dublin Core MARCXML MARC (non-Unicode/MARC-8) MARC (Unicode/UTF-8) MARC (Unicode/UTF-8, Standard) MODS (XML) RIS
  • More searches
    Search for this title in:
    Other Libraries (WorldCat) Other Databases (Google Scholar) Online Stores (Bookfinder.com) Open Library (openlibrary.org)

Exporting to Dublin Core...

SOUTHVILLE LIBRARY

Southville International School and Colleges Library

1281 Tropical Ave. Cor. Luxembourg St., BF Homes International, Las Pinas City

Tel. No. 8256374 / 252358 Loc. 117/146

Powered by Koha